LIBRARY ONLINE CATALOGUE

Women and justice : (Record no. 6326)

MARC details
000 -LEADER
fixed length control field 00525cam a22001812 4500
001 - CONTROL NUMBER
control field 0000003275
005 - DATE AND TIME OF LATEST TRANSACTION
control field 20151217151921.0
008 - FIXED-LENGTH DATA ELEMENTS--GENERAL INFORMATION
fixed length control field 070502s xx 000 0 eng d
040 ## - CATALOGING SOURCE
Original cataloging agency KABU
Transcribing agency KABU
050 #0 - LIBRARY OF CONGRESS CALL NUMBER
Classification number HQ1237.5
Item number .A35W66 Suppl.
245 10 - TITLE STATEMENT
Title Women and justice :
Remainder of title training manual.
260 ## - PUBLICATION, DISTRIBUTION, ETC. (IMPRINT)
Place of publication, distribution, etc. Nairobi :
Name of publisher, distributor, etc. Pauline,
Date of publication, distribution, etc. 2002.
300 ## - PHYSICAL DESCRIPTION
Extent xi, 145 p.
650 #0 - SUBJECT ADDED ENTRY--TOPICAL TERM
Topical term or geographic name as entry element Sex discrimination against women.
-- 0000162870
908 ## - PUT COMMAND PARAMETER (RLIN)
Put command parameter 070502
950 ## - LOCAL HOLDINGS (RLIN)
-- 1
Holdings
Withdrawn status Lost status Source of classification or shelving scheme Not for loan Home library Current library Date acquired Total Checkouts Full call number Barcode Date last seen Price effective from Koha item type
    Library of Congress Classification   Kabarak, Main Campus Kabarak, Main Campus 17/12/2015   HQ1237.5 .A35W66 010436 17/12/2015 17/12/2015 General Collection